| 000 | 00000nam##2200000za#4500 |
| 001 | 9.681055 |
| 003 | CaOODSP |
| 005 | 20200330065718 |
| 007 | ta |
| 008 | 150407|2000||||xxc||||| f|0| 0 fre|d |
| 020 | |a0-662-84440-8 |
| 040 | |aCaOODSP|bfre |
| 043 | |an-cn--- |
| 086 | 1 |aR72-287/2000F |
| 110 | 1 |aCanada.|bAffaires indiennes et du Nord. |
| 245 | 10|aBourses pour les étudiants autochtones |
| 260 | |aOttawa - Ontario : |bAffaires indiennes et du Nord |c2000. |
| 300 | |a348p. ; |c21 cm. |
| 500 | |a«Le présent guide vise à fournir aux étudiants autochtones un précieux outil pour la poursuite de leurs études post-secondaires. Il comprend plus de 300 bourses, dont la valeur totale dépasse 1,5 million de dollars. Ces bourses sont offertes par diverses organisations et institutions. Nous veillons à ce que ce guide soit aussi complet que possible, mais de nouvelles bourses sont constamment offertes et il se peut que certaines aient été oubliées.»--Page 2. |
| 520 | 3 |aLe présent guide vise à fournir aux étudiants autochtones un précieux outil pour la poursuite de leurs études post-secondaires. Il comprend plus de 300 bourses, dont la valeur totale dépasse 1,5 million de dollars. Ces bourses sont offertes par diverses organisations et institutions. Nous veillons à ce que ce guide soit aussi complet que possible, mais de nouvelles bourses sont constamment offertes et il se peut que certaines aient été oubliées.--Page 2 |
| 563 | |aReliure à spirale |
| 590 | |a01-05|b2001-02-02 |
| 691 | 07|aBourse d'études|2gcpds |
| 691 | 07|aÉtudiant|2gcpds |
| 691 | 07|aAutochtones|2gcpds |
| 775 | 08|tScholarships, bursaries and awards for aboriginal students |w(CaOODSP)9.647658 |
| 776 | 0#|tBourses pour les étudiants autochtones |w(CaOODSP)9.642289 |
| 986 | |aQS-3619-000-FF-A1 |